00370nam a2200121Ia 45000010005000000080041000050820022000461000053000682450040001212600046001619010026002079990015002332839241024s9999 xx 000 0 und d aRD/351/R426m/2013 aRepública Dominicana. Minsterio de Educación 0aManual de procesos y procedimientos bDirección General de Tecnologíac2013 a4/4/2013 4:12:21 p.m. c9483d9483